Normal view
MARC view
- Drugan, Joanna
Entry Personal Name
001 - CONTROL NUMBER
- control field: 41921
003 - CONTROL NUMBER IDENTIFIER
- control field: DLC
005 - DATE AND TIME OF LATEST TRANSACTION
- control field: 20181113105711.0
008 - FIXED-LENGTH DATA ELEMENTS
- fixed length control field: 121023n| azannaabn |n aaa
010 ## - LIBRARY OF CONGRESS CONTROL NUMBER
- LC control number: n 2012068418
040 ## - CATALOGING SOURCE
- Original cataloging agency: DLC
- Language of cataloging: eng
- Transcribing agency: DLC
- Description conventions: rda
- Modifying agency: EG-ScBUE
100 1# - HEADING--PERSONAL NAME
- Personal name: Drugan, Joanna
670 ## - SOURCE DATA FOUND
- Source citation: Quality in Professional Translation, 2013:
- Information found: t.p. (Joanna Drugan) data view (Senior Lecturer at the School of Language and Communication Studies, University of East Anglia, UK)